Open Data Biblioteca Nacional de Portugal


República Portuguesa: Ministério da Cultura
Biblioteca Nacional de Portugal

Catálogo da BNP: acesso por Identificadores Unívocos
Registos Bibliográficos associados ao registo de autoridade

Etiqueta de registo: 00458nam 22001571i 450
001 1270888
003 http://id.bnportugal.gov.pt/bib/catbnp/1270888
100 ## $a20020801d1891 m y0pory0103 ba
101 0# $apor
102 ## $aPT
200 1# $aNovena do B. Bernardo de Morlaas e de seus santos discipulos$fFr. André Pradel
210 #9 $aLisboa$cTyp. Universal$d1891
215 ## $a24 p.$d14 cm
700 #1 $aPradel,$bAndré,$f1822-1906$31995985
801 #0 $aPT$bBN
801 #1 $aFR$bJOUVE
966 ## $lBN$mFGMON$sR. 29869//10 P. $x0
997 ## $aBIBEOD

Etiqueta de registo: 00519cam 22001931 450
001 715795
003 http://id.bnportugal.gov.pt/bib/catbnp/715795
005 19990108000000.0
095 ## $aPTBN00502878
100 ## $a19931012d1937 k y0pory0103 ba
101 1# $apor
102 ## $aPT
200 1# $aRosário meditado$fA. Pradel$gtrad. do cónego Sequeira Mora
210 #9 $aLisboa$cEd. da Casa Au Sacré Coeur,$d1937
215 ## $a39 p.$d12 cm
700 #1 $aPradel,$bAndré,$f1822-1906$31995985
702 #1 $aMora,$bSequeira$4730$3710341
801 #0 $aPT$bBN$gRPC
966 ## $lBN$mFGMON$sR. 25849//19 P.
998 ## $aCR627-473

Etiqueta de registo: 00424nam 22001571i 450
001 1270478
003 http://id.bnportugal.gov.pt/bib/catbnp/1270478
100 ## $a20020801d1859 m y0pory0103 ba
101 0# $afre
102 ## $aFR
200 1# $a Les quinze Mardis$fAndré Pradel
210 #9 $aParis$cLibr. de Mme. Vie. Poussielgue Rusand$d1859
215 ## $a96 p.$d13 cm
700 #1 $aPradel,$bAndré,$f1822-1906$31995985
801 #0 $aPT$bBN
801 #1 $aFR$bJOUVE
966 ## $lBN$mFGMON$sR. 29527//7 P. $x0
997 ## $aBIBEOD

Etiqueta de registo: 00254nam 2200025 450
001 2284569
003 http://id.bnportugal.gov.pt/bib/catbnp/2284569
100 ## $a20260416d1884 m y0pory01030103ba
101 0# $afre
102 ## $aFR
105 ## $aa z 000yy
106 ## $ar
200 1# $aManuel du très-saint Rosaire$edévotion du Rosaire, confrérie du Rosaire, Rosaire perpétuel, Rosaire vivant$fpar le R. P. F. André Pradel des Frères-Prêcheurs
205 ## $aCinquième édition revue et conforme aux récentes décisions du Saint-Siège
210 #9 $aMazères (Ariège)$cs'adresser au R. P. Procureur des Dominicains,$d1884$eToulouse$gImprimerie Vialelle et Ce.)
215 ## $a392 p.$cil.$d17 cm
225 2# $aPublications du Frère-Prêcheur
316 ## $aExemplar em mau estado$5PTBN: R. 1756 P.
317 ## $aPert. manuscrito na p. de falso título: "Donné par l'auteur à la Bibliothéque du Séminaire Patriarchal de Santarem, en souvenir de son séjour dans cette maison en 1891. Fr. A. Pradel des FF. PP."$5PTBN: R. 1756 P.
700 #1 $aPradel,$bAndré,$f1822-1906$31995985
712 02 $aSeminário de Santarém$4390$3113675
801 #0 $aPT$bBN$gRPC
966 ## $lBN$mFGMON$sR. 1756 P.
971 ## $cpmesqui$d20260416
997 ## $aBIBEOD

OpendataBNP@bnportugal.pt | Mais informação sobre acesso aos dados BNP